[Event "Battle Creek (Insanity/5/6)"]
[Site "?"]
[Date "1984.??.??"]
[Round "?"]
[White "Glynn, P.."]
[Black "Anderson, T.."]
[Result "1/2-1/2"]
[WhiteElo "1605"]
[BlackElo "1605"]
[PlyCount "90"]
[EventDate "1984.??.??"]

{5/(6)} 1. Nf3 Nf6 2. d4 e6 3. Bg5 Be7 4. Qd3 b6 5. e4 d6 6. Nc3 Ba6 7. Qe3 Bb7
8. O-O-O Ng4 9. Qd2 Nf6 10. d5 exd5 11. Bxf6 Bxf6 12. Nxd5 O-O 13. Nxf6+ Qxf6
14. Re1 Nd7 15. Bd3 Nc5 16. h4 Rfe8 17. e5 dxe5 18. Ng5 h6 19. Ne4 Nxe4 20.
Bxe4 Rad8 21. Qe2 Bxe4 22. Qxe4 Qxf2 23. Rhf1 Qd2+ 24. Kb1 Qd5 25. Qa4 Qxg2 26.
Rg1 Qf2 27. Qg4 Qf6 28. h5 Qg5 29. Qxg5 hxg5 30. Rxg5 Rd6 31. Reg1 g6 32. hxg6
Rxg6 33. Rxg6+ fxg6 34. Rxg6+ Kf7 35. Rc6 Re7 36. Kc1 Ke8 37. Kd2 Kd7 38. Rc3
Kd6 39. Ke3 e4 40. Rc4 Kd5 41. Rd4+ Kc5 42. Rxe4 Rd7 43. a3 c6 44. b3 a5 45.
Rc4+ Kd6 1/2-1/2

[Event "Plymouth (MI Op/1a/6)"]
[Site "?"]
[Date "1984.??.??"]
[Round "?"]
[White "Gipson, John"]
[Black "Wygrecki, J.."]
[Result "0-1"]
[WhiteElo "1905"]
[BlackElo "2135"]
[PlyCount "56"]
[EventDate "1984.??.??"]

1. c4 e5 2. Nc3 f5 3. d3 d6 4. Nf3 Nf6 5. Bg5 Be7 6. g3 O-O 7. Bg2 c6 8. Qd2 h6
9. Bxf6 Bxf6 10. Rc1 Be6 11. b4 d5 12. cxd5 cxd5 13. d4 e4 14. Ne5 Nc6 15. Nxc6
bxc6 16. Na4 Qe8 17. Nc5 Bc8 18. Nb3 Rb8 19. O-O g5 20. Kh1 Be7 21. a3 f4 22.
gxf4 Bd6 23. Rg1 Bxf4 24. e3 Bxh2 25. Qe2 Bxg1 26. Rxg1 g4 27. Bh3 Qh5 28. Rg3
Rf3 0-1

[Event "East Detroit (MCO/2/3)"]
[Site "?"]
[Date "1984.??.??"]
[Round "?"]
[White "Gipson, John"]
[Black "Stone, Ray"]
[Result "0-1"]
[WhiteElo "1920"]
[BlackElo "2290"]
[PlyCount "112"]
[EventDate "1984.??.??"]

{2/(3)} 1. c4 Nf6 2. d4 c5 3. d5 e6 4. Nc3 exd5 5. cxd5 d6 6. e4 g6 7. Bd3 Bg7
8. Nf3 O-O 9. h3 Na6 10. O-O Nc7 11. a4 Re8 12. Bf4 Qe7 13. Qd2 Nd7 14. Bg5 Bf6
15. Bxf6 Qxf6 16. Ng5 h6 17. Nf3 Kg7 18. Rfe1 Ne5 19. Nxe5 Qxe5 20. f4 Qd4+ 21.
Qe3 Qxe3+ 22. Rxe3 Bd7 23. Rae1 a6 24. e5 dxe5 25. fxe5 b5 26. d6 Ne6 27. axb5
axb5 28. Bxb5 Bxb5 29. Nxb5 Rab8 30. Rb3 c4 31. Rb4 Rec8 32. Re4 Rc5 33. Rexc4
Rxc4 34. Rxc4 Rxb5 35. b4 Rxe5 36. Kf2 Rd5 37. Rc6 Kf6 38. Rb6 Ke5 39. Rb7 Nd8
40. Rb6 Rxd6 41. Rb5+ Kd4 42. Ra5 Kc4 43. Ra7 Kxb4 44. Kg1 Kc5 45. Rc7+ Kd4 46.
Kh2 h5 47. Ra7 Ke5 48. Ra4 g5 49. Ra5+ Rd5 50. Ra7 f6 51. Rh7 h4 52. Re7+ Ne6
53. Kg1 Kf5 54. Ra7 Rd1+ 55. Kh2 Rd2 56. Ra5+ Kg6 0-1

[Event "East Detroit (MCO/4/11)"]
[Site "?"]
[Date "1984.??.??"]
[Round "?"]
[White "Gipson, John"]
[Black "Petrison, J.."]
[Result "0-1"]
[WhiteElo "1920"]
[BlackElo "2230"]
[PlyCount "116"]
[EventDate "1984.??.??"]

{4/(11)} 1. c4 e6 2. d4 Nf6 3. Nc3 Bb4 4. Bd2 O-O 5. Nf3 d5 6. e3 c6 7. Bd3
Nbd7 8. O-O a6 9. Qc2 dxc4 10. Bxc4 b5 11. Bd3 c5 12. Ne4 Bxd2 13. Qxd2 c4 14.
Nxf6+ Nxf6 15. Bc2 Bb7 16. a4 Qd5 17. Rfe1 Ne4 18. Qb4 f5 19. Re2 Rf6 20. axb5
a5 21. Rxa5 Rg6 22. Rxa8+ Bxa8 23. Qe7 h6 24. Qe8+ Kh7 25. Ne1 Nc3 26. Qxg6+
Kxg6 27. bxc3 Qxb5 28. f3 Qa5 29. Kf2 Qxc3 30. h4 Kf6 31. g3 g5 32. hxg5+ hxg5
33. Ng2 Qb4 34. Ne1 Bc6 35. Kg2 Ba4 36. Kf2 Bb3 37. Kf1 Qd6 38. Kf2 Qc7 39. Kg2
Qa5 40. Kf2 Qc3 41. f4 Qa5 42. Kg2 Qa8+ 43. Kg1 Ba4 44. Rh2 Kg6 45. Re2 Bc6 46.
Rh2 Qa1 47. Kf1 Qc1 48. Re2 Bf3 49. Kf2 Bxe2 50. Kxe2 c3 51. Ba4 Qd2+ 52. Kf1
Qxe3 53. Be8+ Kf6 54. fxg5+ Kxg5 55. Ba4 Kf6 56. Bc2 Qxg3 57. Ke2 Qh2+ 58. Kd1
Qd2# 0-1

[Event "Plymouth (MI Op/3/39)"]
[Site "?"]
[Date "1984.??.??"]
[Round "?"]
[White "Gipson, John"]
[Black "Johnson, B.."]
[Result "1-0"]
[WhiteElo "1905"]
[BlackElo "1605"]
[PlyCount "63"]
[EventDate "1984.??.??"]

{3/(39)} 1. c4 Nf6 2. d4 g6 3. Nc3 Bg7 4. e4 d6 5. d5 c5 6. Nf3 O-O 7. h3 Bd7
8. Bd3 Na6 9. O-O Nc7 10. Be3 h6 11. Qd2 Kh7 12. Rfe1 a6 13. e5 dxe5 14. Nxe5
b6 15. Qc2 Be8 16. Rad1 Nd7 17. Nc6 Qc8 18. Nxe7 Qb7 19. d6 Ne6 20. Be4 Qb8 21.
Bxa8 Qxa8 22. Ncd5 Nd4 23. Bxd4 Bxd4 24. Nc7 Qb7 25. Ned5 Ne5 26. Rxd4 cxd4 27.
Rxe5 Bc6 28. Re7 Bxd5 29. Nxd5 Qc6 30. d7 Kg7 31. Qe4 Rd8 32. Qe5+ 1-0

[Event "Plymouth (MI Op/6/31)"]
[Site "?"]
[Date "1984.??.??"]
[Round "?"]
[White "Gipson, John"]
[Black "Frawley, Ed"]
[Result "1-0"]
[WhiteElo "1905"]
[BlackElo "1670"]
[PlyCount "69"]
[EventDate "1984.??.??"]

{6/(31)} 1. c4 Nf6 2. d4 g6 3. Nc3 d5 4. Bg5 Bg7 5. Bxf6 Bxf6 6. Nxd5 Bg7 7. e3
c5 8. Nf3 cxd4 9. Nxd4 O-O 10. Be2 Nc6 11. O-O Nxd4 12. exd4 e6 13. Nc3 Bxd4
14. Qc2 Qf6 15. Rac1 Bd7 16. Bf3 Rac8 17. Bxb7 Rxc4 18. Ne4 Qe5 19. Qxc4 Bb5
20. Qc7 Qg7 21. Qf4 Bxb2 22. Rb1 Be5 23. Nf6+ Bxf6 24. Rxb5 Bd4 25. Rfb1 Bb6
26. a4 Rd8 27. g3 Qc3 28. Rc1 Bxf2+ 29. Kg2 Qa3 30. Kxf2 Qa2+ 31. Kg1 Qe2 32.
Bf3 Qa2 33. Rb8 Rxb8 34. Qxb8+ Kg7 35. Qe5+ 1-0

[Event "Plymouth (MI Op/6/77)"]
[Site "?"]
[Date "1984.??.??"]
[Round "?"]
[White "Garrison, Ray"]
[Black "Simmons, P.."]
[Result "1-0"]
[WhiteElo "1605"]
[BlackElo "1605"]
[PlyCount "53"]
[EventDate "1984.??.??"]

{6/(77)} 1. d4 d5 2. Bg5 Nf6 3. e3 e6 4. Bd3 c6 5. f4 Be7 6. Nf3 Nbd7 7. O-O h6
8. Bh4 Ng4 9. Bxe7 Qxe7 10. Qe1 O-O 11. Nbd2 Re8 12. h3 Ngf6 13. Ne5 Nxe5 14.
fxe5 Nh7 15. g4 Rf8 16. Nf3 g5 17. h4 Bd7 18. Bxh7+ Kxh7 19. hxg5 hxg5 20. Nh4
gxh4 21. Rf6 Rh8 22. Qxh4+ Kg7 23. Rg6+ Kxg6 24. Qxe7 Rad8 25. Qf6+ Kh7 26. Kg2
Rdf8 27. Rh1+ 1-0

[Event "Plymouth (MI Op/4/62)"]
[Site "?"]
[Date "1984.??.??"]
[Round "?"]
[White "Garrison, Ray"]
[Black "Nolan, N.."]
[Result "0-1"]
[WhiteElo "1740"]
[BlackElo "1605"]
[PlyCount "126"]
[EventDate "1984.??.??"]

{4/(62)} 1. d4 d5 2. Bg5 c6 3. e3 Bf5 4. Bd3 Bxd3 5. cxd3 Qa5+ 6. Nd2 e6 7.
Ngf3 Bb4 8. O-O Bxd2 9. Nxd2 Nd7 10. Nf3 h6 11. Bh4 Ngf6 12. Ne5 g5 13. Bg3 h5
14. h3 Ke7 15. b4 Qd8 16. f4 h4 17. fxg5 hxg3 18. gxf6+ Nxf6 19. Qf3 Rh6 20.
Ng4 Nxg4 21. Qxf7+ Kd6 22. Qf4+ Kd7 23. Qxg4 Qg8 24. Qxg8 Rxg8 25. Rf7+ Kc8 26.
Rc1 Rhg6 27. b5 R6g7 28. Rxg7 Rxg7 29. bxc6 b6 30. e4 Kc7 31. a4 a5 32. Kf1
Rf7+ 33. Ke2 Rf2+ 34. Ke3 Rxg2 35. Kf3 Ra2 36. Kxg3 Rxa4 37. h4 Rxd4 38. h5
dxe4 39. dxe4 Rd8 40. Kf4 a4 41. Kg5 a3 42. h6 b5 43. h7 b4 44. Ra1 Kxc6 45.
Kf6 Kb5 46. Kg7 Ka4 47. Rd1 Rxd1 48. h8=Q a2 49. Qe8+ Kb3 50. Qxe6+ Kb2 51. Qc4
a1=Q 52. Qxb4+ Kc2+ 53. Kf7 Rf1+ 54. Ke6 Qf6+ 55. Kd5 Rd1+ 56. Kc5 Qd6+ 57. Kb5
Rb1 58. Qxb1+ Kxb1 59. Kc4 Qe5 60. Kd3 Kb2 61. Ke3 Kc3 62. Kf3 Kd2 63. Kg4 Ke2
0-1

[Event "Plymouth (MI Op/2/21)"]
[Site "?"]
[Date "1984.??.??"]
[Round "?"]
[White "Garrison, Ray"]
[Black "Laren, Philip"]
[Result "0-1"]
[WhiteElo "1740"]
[BlackElo "2140"]
[PlyCount "88"]
[EventDate "1984.??.??"]

{2/(21)} 1. d4 f5 2. Bg5 g6 3. e3 Bg7 4. h4 h6 5. Bf4 Nf6 6. Nf3 d6 7. Bd3 Nc6
8. c4 Ng4 9. Qc2 e5 10. d5 Ne7 11. Qc3 O-O 12. Bxh6 Nxh6 13. e4 c6 14. h5 Qe8
15. hxg6 Qxg6 16. Nh4 Qg4 17. Be2 Qxe4 18. Qa3 c5 19. Nd2 Qf4 20. Nhf3 Qg4 21.
Nxe5 Qxg2 22. Bf3 Qg5 23. Nd3 Ng4 24. O-O-O Ng6 25. Rdg1 Kf7 26. Qa5 b6 27. Qb5
Nf4 28. Nxf4 Qxf4 29. Qc6 Ba6 30. Rh7 Kg8 31. Rgh1 Nh6 32. Qd7 Kxh7 33. Rg1 Rf7
34. Qe6 Rf6 35. Qe7 Rf7 36. Qe6 Rf6 37. Qe7 Ng4 38. Rh1+ Rh6 39. Re1 Nxf2 40.
Rg1 Ng4 41. Qf7 Rf8 42. Qxa7 Qd4 43. Re1 Nf2 44. Re7 Qxb2# 0-1

[Event "Plymouth (MI Op/1b/39)"]
[Site "?"]
[Date "1984.??.??"]
[Round "?"]
[White "Gale, J.."]
[Black "Patterson, M.."]
[Result "0-1"]
[WhiteElo "1605"]
[BlackElo "1605"]
[PlyCount "66"]
[EventDate "1984.??.??"]

1. e4 d6 2. d4 Nf6 3. Nc3 g6 4. Nf3 Bg7 5. Be2 O-O 6. O-O Na6 7. Re1 c5 8. d5
Bg4 9. h3 Bxf3 10. Bxf3 Nb8 11. e5 dxe5 12. Rxe5 Nbd7 13. Re2 Nb6 14. Bf4 Qd7
15. a4 Rad8 16. Rd2 Qf5 17. Bc7 Rd7 18. Bxb6 axb6 19. a5 Rfd8 20. axb6 Nxd5 21.
Bg4 Nxc3 22. Bxf5 Rxd2 23. Qf3 Ne2+ 24. Kh2 Be5+ 25. g3 Nd4 26. Qxb7 Nxf5 27.
c3 Bxg3+ 28. Kg2 Rxf2+ 29. Kg1 Nh4 30. Kh1 Nf3 31. Qxf3 Rxf3 32. b7 Rf2 33. Rg1
Rh2# 0-1

[Event "Plymouth (MI Op/5/79)"]
[Site "?"]
[Date "1984.??.??"]
[Round "?"]
[White "Gale, J.."]
[Black "Fuson, J.."]
[Result "1-0"]
[WhiteElo "1605"]
[BlackElo "1605"]
[PlyCount "57"]
[EventDate "1984.??.??"]

{5/(79)} 1. e4 e5 2. Nf3 Nf6 3. Nxe5 Qe7 4. d4 d6 5. Nf3 Nxe4 6. Be2 Bg4 7. O-O
Qf6 8. Re1 Bxf3 9. Bxf3 d5 10. Nc3 c6 11. Nxe4 dxe4 12. Bxe4 Be7 13. Qd3 g6 14.
Bh6 Qh4 15. Qe3 Nd7 16. Bf3 O-O-O 17. Qxe7 Qxh6 18. Rad1 f5 19. d5 g5 20. dxc6
bxc6 21. Qa3 Rde8 22. Qa6+ Kb8 23. Rxe8+ Rxe8 24. Bxc6 Nc5 25. Qb5+ Kc7 26.
Bxe8 Qe6 27. Qxc5+ Kb7 28. Rd7+ Ka6 29. Rxa7# 1-0

[Event "Plymouth (MI Op/3/43)"]
[Site "?"]
[Date "1984.??.??"]
[Round "?"]
[White "Gale, J.."]
[Black "Bautista, L.."]
[Result "0-1"]
[WhiteElo "1605"]
[BlackElo "1865"]
[PlyCount "44"]
[EventDate "1984.??.??"]

{3/(43)} 1. e4 Nf6 2. Nc3 d5 3. exd5 Nxd5 4. Nxd5 Qxd5 5. Nf3 Bf5 6. Be2 Nc6 7.
O-O e5 8. b3 Be7 9. Bb2 Bf6 10. Bc4 Qd6 11. a4 Bg6 12. Ne1 O-O-O 13. Qg4+ Kb8
14. d3 h5 15. Qd1 h4 16. h3 Bh5 17. Qd2 g5 18. f3 Nd4 19. Qf2 Nf5 20. Kh2 e4+
21. f4 Bxb2 22. Rd1 e3 0-1

[Event "Plymouth (MI Op/2/43)"]
[Site "?"]
[Date "1984.??.??"]
[Round "?"]
[White "Gaiefsky, Mike"]
[Black "Marinucci, M.."]
[Result "1/2-1/2"]
[WhiteElo "1835"]
[BlackElo "1605"]
[PlyCount "128"]
[EventDate "1984.??.??"]

{2/(43)} 1. d4 e6 2. c4 Nf6 3. Nc3 Bb4 4. a3 Bxc3+ 5. bxc3 d5 6. Bg5 b6 7. cxd5
exd5 8. e3 O-O 9. Bd3 Re8 10. Bxf6 Qxf6 11. Qh5 g6 12. Qxd5 Qc6 13. Bc4 Be6 14.
Qxc6 Nxc6 15. d5 Na5 16. dxe6 Nxc4 17. exf7+ Kxf7 18. Nf3 Rad8 19. Ke2 Nb2 20.
Ra2 Nd3 21. g3 Nc5 22. Rc1 h6 23. Nd4 a6 24. f3 Rd6 25. Rd2 Kf6 26. e4 g5 27.
Rcd1 Na4 28. Rc1 Rd5 29. c4 Rde5 30. Nc6 R5e6 31. Nb4 Kg6 32. Nxa6 R8e7 33. Nb4
g4 34. Nd5 gxf3+ 35. Kxf3 Rf7+ 36. Nf4+ Kh7 37. Ke3 Rc6 38. Nd5 Nc5 39. Rb1 Rd7
40. Rf2 Nxe4 41. Kxe4 Rxc4+ 42. Ke5 Rc5 43. Rd2 c6 44. Rxb6 cxd5 45. Ke6 Rg7
46. Rb4 Rg6+ 47. Ke5 Ra6 48. a4 Rc4 49. Rd4 Rc2 50. Rb7+ Kg6 51. Rg4+ Kh5 52.
Rh4+ Kg6 53. Rg4+ Kh5 54. Rf4 Rc4 55. Rf5+ Kg6 56. Kxd5 Ra5+ 57. Kxc4 Rxa4+ 58.
Rb4 Rxb4+ 59. Kxb4 Kxf5 60. Kc4 Kg4 61. Kd4 h5 62. Ke4 h4 63. gxh4 Kxh4 64. Kf3
Kh3 1/2-1/2

[Event "Plymouth (MI Op/4/49)"]
[Site "?"]
[Date "1984.??.??"]
[Round "?"]
[White "Gaiefsky, Mike"]
[Black "Kappler, M.."]
[Result "1-0"]
[WhiteElo "1835"]
[BlackElo "1605"]
[PlyCount "105"]
[EventDate "1984.??.??"]

{4/(49)} 1. d4 d5 2. c4 Nf6 3. Nc3 Bf5 4. Qb3 dxc4 5. Qxb7 Nbd7 6. Nb5 Rc8 7.
Bf4 e5 8. dxe5 Be4 9. Qxa7 Bc5 10. Qa5 Nd5 11. Qd2 Nxf4 12. Qxf4 Bc6 13. Nc3
Rb8 14. Rb1 Qe7 15. Nf3 Bxf3 16. exf3 Qxe5+ 17. Qxe5+ Nxe5 18. Be2 O-O 19. O-O
Bd4 20. Rfd1 Bxc3 21. bxc3 Rxb1 22. Rxb1 g5 23. Rb5 f6 24. a4 Ra8 25. a5 Nc6
26. Bxc4+ Kf8 27. Rf5 Nxa5 28. Bf1 Nb3 29. Rxf6+ Ke7 30. Ra6 Rxa6 31. Bxa6 Kd6
32. Kf1 Kd5 33. Ke2 Nc5 34. Bd3 Nb3 35. Ke3 h5 36. f4 gxf4+ 37. Kxf4 Nc5 38.
Ke3 Ne6 39. Be2 h4 40. g3 hxg3 41. fxg3 Ke5 42. h4 Kf5 43. g4+ Kg6 44. Bd3+ Kh6
45. Bf5 Ng7 46. Kd4 Ne8 47. Kd5 Kg7 48. Ke6 c5 49. Kd5 c4 50. Kxc4 Nd6+ 51. Kd5
Nxf5 52. gxf5 Kf6 53. Ke4 1-0

[Event "East Detroit (MCO/1/29)"]
[Site "?"]
[Date "1984.??.??"]
[Round "?"]
[White "Gaba, H.."]
[Black "Williams, C.."]
[Result "0-1"]
[WhiteElo "1840"]
[BlackElo "1605"]
[PlyCount "44"]
[EventDate "1984.??.??"]

{1/(29)} 1. d4 Nf6 2. Nc3 d5 3. g3 g6 4. Bg2 Bg7 5. Nf3 Nbd7 6. O-O O-O 7. Re1
c6 8. e4 dxe4 9. Nxe4 Nxe4 10. Rxe4 Nf6 11. Re1 h6 12. c3 Be6 13. Bd2 Qc8 14.
Ne5 Bh3 15. Qe2 Bxg2 16. Kxg2 Re8 17. Rad1 Nd7 18. Ng4 Kh7 19. Qf3 f5 20. Ne5
Nxe5 21. dxe5 e6 22. Bc1 Rd8 {[Remainder illegible; 0-1, 56?]} 0-1

[Event "East Detroit (MCO/5/22)"]
[Site "?"]
[Date "1984.??.??"]
[Round "?"]
[White "Gaba, H.."]
[Black "Theuerle, P.."]
[Result "1-0"]
[WhiteElo "1840"]
[BlackElo "1605"]
[PlyCount "77"]
[EventDate "1984.??.??"]

{5/(22)} 1. d4 d5 2. Nf3 Nf6 3. c4 c6 4. e3 e6 5. Be2 Be7 6. Nc3 O-O 7. O-O Qc7
8. h3 b6 9. Qc2 Na6 10. a3 Bb7 11. Bd3 h6 12. cxd5 exd5 13. Bd2 Bd6 14. Ne2
Rae8 15. Rac1 Nb8 16. Nc3 Re7 17. Nh4 Ba6 18. Nf5 Re6 19. f4 Bxd3 20. Qxd3 Qd7
21. Rce1 Ne4 22. Nxe4 dxe4 23. Qe2 Rf6 24. Nxd6 Qxd6 25. Bb4 c5 26. dxc5 bxc5
27. Bc3 Rg6 28. Rd1 Qc6 29. Rd2 f5 30. Rfd1 Qb6 31. Kh2 Kh7 32. Qc4 Rc8 33. Qf7
c4 34. Qxf5 Qxe3 35. Qxc8 Qxf4+ 36. Kh1 Qg3 37. Qxc4 e3 38. Re2 Nc6 39. Qd3 1-0

[Event "Plymouth (MI Op/4/56)"]
[Site "?"]
[Date "1984.??.??"]
[Round "?"]
[White "Gaba, H.."]
[Black "Pearson, D.."]
[Result "0-1"]
[WhiteElo "1840"]
[BlackElo "1605"]
[PlyCount "118"]
[EventDate "1984.??.??"]

{4/(56)} 1. d4 f5 2. Nf3 Nf6 3. Nc3 e6 4. a3 b6 5. d5 Bd6 6. dxe6 dxe6 7. Nb5
O-O 8. Nxd6 Qxd6 9. Qxd6 cxd6 10. b3 Bb7 11. Bb2 Nc6 12. e3 Rac8 13. O-O-O d5
14. h3 Ne4 15. Rg1 Nxf2 16. Re1 Na5 17. Kb1 Ne4 18. Bd3 Nc3+ 19. Bxc3 Rxc3 20.
Kb2 Rfc8 21. Rc1 Ba8 22. Nd4 Kf7 23. Nb5 R3c5 24. Nd6+ Ke7 25. Nxc8+ Rxc8 26.
g4 g6 27. gxf5 exf5 28. h4 Kf6 29. Rg3 Nc6 30. Rcg1 Ne5 31. Be2 Rd8 32. h5 d4
33. hxg6 hxg6 34. Rd1 Nc6 35. exd4 Rxd4 36. Rxd4 Nxd4 37. Bd1 Be4 38. a4 f4 39.
Rh3 f3 40. c3 f2 41. cxd4 f1=Q 42. Bg4 Qg2+ 43. Ka3 Qxg4 44. Rc3 Qd7 45. Rc1
Qxd4 46. Rc4 Qxc4 47. bxc4 g5 48. Kb4 g4 49. Kb5 g3 50. Ka6 g2 51. Kxa7 g1=Q
52. Ka6 Qc5 53. Ka7 b5+ 54. Ka6 Qxc4 55. axb5 Bb7+ 56. Kb6 Qd5 57. Ka7 Ke7 58.
b6 Ba8 59. Ka6 Qb7+ 0-1

[Event "East Detroit (MCO/3/24)"]
[Site "?"]
[Date "1984.??.??"]
[Round "?"]
[White "Gaba, H.."]
[Black "Nowicki, B.."]
[Result "1-0"]
[WhiteElo "1840"]
[BlackElo "1605"]
[PlyCount "57"]
[EventDate "1984.??.??"]

{3/(24)} 1. d4 d5 2. Nf3 Nf6 3. Nbd2 Nc6 4. e3 e6 5. Be2 b6 6. Bb5 Bb7 7. O-O
a6 8. Be2 Bd6 9. h3 h6 10. c4 dxc4 11. Nxc4 Be7 12. a3 O-O 13. Qc2 b5 14. Ncd2
Rc8 15. b4 Na7 16. Bb2 Nd5 17. Rac1 c6 18. Ne4 f5 19. Nc5 Bxc5 20. Qxc5 Ra8 21.
Ne5 Qc7 22. Bf3 Rfd8 23. Ng6 Nc8 24. Rfd1 Nd6 25. Ne5 Rac8 26. Rc2 Qb6 27. Bxd5
Qxc5 28. Bxe6+ Kh8 29. dxc5 1-0

[Event "Plymouth (MI Op/7/50)"]
[Site "?"]
[Date "1984.??.??"]
[Round "?"]
[White "Gaba, H.."]
[Black "Baker, R.."]
[Result "1-0"]
[WhiteElo "1840"]
[BlackElo "1605"]
[PlyCount "99"]
[EventDate "1984.??.??"]

{7/(50)} 1. d4 Nf6 2. c4 c5 3. e3 e6 4. Nf3 Be7 5. Be2 O-O 6. O-O b6 7. Nc3 Bb7
8. d5 d6 9. e4 e5 10. Nh4 Na6 11. Nf5 Re8 12. Nb5 Nc7 13. Nc3 Bf8 14. Bd3 a6
15. Qf3 Bc8 16. Bg5 Bd7 17. Nh6+ gxh6 18. Bxf6 Qxf6 19. Qxf6 Be7 20. Qxh6 Kh8
21. Qe3 Rg8 22. Ne2 Rg6 23. f4 Rag8 24. g3 h5 25. f5 Bg5 26. Qf3 Rh6 27. Rf2 h4
28. g4 f6 29. h3 Kg7 30. Kh1 Kf7 31. Ng1 Ke7 32. Qe2 Ne8 33. Nf3 Kd8 34. Nxg5
Rxg5 35. Rb1 a5 36. b4 axb4 37. a3 Nc7 38. axb4 Na6 39. Qa2 Nxb4 40. Rxb4 cxb4
41. Qa7 Ke7 42. Qxb6 Rh8 43. Qxb4 Rc8 44. Rb2 Rgg8 45. Bc2 Rh8 46. Kg2 Rce8 47.
Ba4 Bxa4 48. Qxa4 Rd8 49. Rb7+ Kf8 50. Qa7 1-0

[Event "Plymouth (MI Op/2/31)"]
[Site "?"]
[Date "1984.??.??"]
[Round "?"]
[White "Gaba, H.."]
[Black "Almquist, W.."]
[Result "1/2-1/2"]
[WhiteElo "1840"]
[BlackElo "1620"]
[PlyCount "107"]
[EventDate "1984.??.??"]

{2/(31)} 1. e4 c5 2. Nf3 d6 3. d4 cxd4 4. Nxd4 Nf6 5. Nc3 a6 6. Be2 e6 7. O-O
Be7 8. Kh1 b5 9. a3 Bb7 10. Bf3 Qc7 11. Be3 Nbd7 12. h3 Ne5 13. Be2 Nxe4 14.
Nxe4 Bxe4 15. c3 Nc4 16. Bc1 d5 17. Bf3 Bxf3 18. Qxf3 Bf6 19. Re1 Rc8 20. Qxd5
O-O 21. Qe4 Qe5 22. Nf3 Qxe4 23. Rxe4 Rfd8 24. Be3 Nxb2 25. Bd4 Bxd4 26. cxd4
Rc2 27. Kg1 Nd3 28. Rf1 Rdc8 29. d5 exd5 30. Re3 Nf4 31. Rfe1 Ne6 32. Nd4 Rc1
33. Nxe6 Rxe1+ 34. Rxe1 fxe6 35. Rxe6 Rc1+ 36. Kh2 d4 37. Rxa6 d3 38. Rd6 Rc3
39. f3 Rxa3 40. Kg3 b4 41. Kf4 Rc3 42. Ke3 b3 43. Rd8+ Kf7 44. Rb8 Rc2 45. Kxd3
Rxg2 46. Rxb3 Rg3 47. Ke4 Rxh3 48. Rb6 Rg3 49. Kf4 Rg1 50. Rb7+ Ke6 51. Rb5 h6
52. Ra5 g5+ 53. Ke3 h5 54. Kf2 1/2-1/2

[Event "Plymouth (MI Op/6/81)"]
[Site "?"]
[Date "1984.??.??"]
[Round "?"]
[White "Fuson, J.."]
[Black "Leonard, K.."]
[Result "1/2-1/2"]
[WhiteElo "1605"]
[BlackElo "1605"]
[PlyCount "113"]
[EventDate "1984.??.??"]

{6/(81)} 1. e4 b6 2. d4 Bb7 3. Nc3 e6 4. Nf3 Nf6 5. Bg5 h6 6. Bxf6 Qxf6 7. Bd3
Bb4 8. Qd2 c5 9. e5 Qe7 10. dxc5 Bxc5 11. Nb5 d5 12. exd6 Bxd6 13. Nxd6+ Qxd6
14. Bb5+ Ke7 15. Qxd6+ Kxd6 16. O-O-O+ Ke7 17. Rd2 Bc6 18. Bxc6 Nxc6 19. Rhd1
Rhd8 20. Rxd8 Rxd8 21. Rxd8 Kxd8 22. Kd2 Kd7 23. Kc3 Kd6 24. Nd4 Nxd4 25. Kxd4
e5+ 26. Kc4 a6 27. a4 f5 28. b4 g5 29. Kd3 a5 30. bxa5 bxa5 31. Kc4 Kc6 32. c3
h5 33. g3 h4 34. gxh4 gxh4 35. h3 Kd6 36. Kb5 e4 37. c4 f4 38. Kb6 e3 39. c5+
Kd5 40. fxe3 fxe3 41. c6 e2 42. c7 e1=Q 43. c8=Q Qb4+ 44. Ka6 Qxa4 45. Qd8+ Kc5
46. Qxa5+ Qxa5+ 47. Kxa5 Kd4 48. Kb4 Ke4 49. Kc3 Kf4 50. Kd2 Kg3 51. Ke2 Kg2
52. Ke3 Kxh3 53. Kf2 Kh2 54. Kf3 h3 55. Kf2 Kh1 56. Kf1 h2 57. Kf2 1/2-1/2

[Event "Plymouth (MI Op/1b/44)"]
[Site "?"]
[Date "1984.??.??"]
[Round "?"]
[White "Fuson, J.."]
[Black "Fraser, T.."]
[Result "0-1"]
[WhiteElo "1605"]
[BlackElo "1605"]
[PlyCount "96"]
[EventDate "1984.??.??"]

1. e4 Nf6 2. Nc3 d5 3. exd5 Nxd5 4. Nxd5 Qxd5 5. Nf3 b6 6. Bd3 Bb7 7. O-O Nc6
8. Re1 O-O-O 9. Be4 Qd7 10. Ne5 Nxe5 11. Bxb7+ Kxb7 12. Rxe5 e6 13. Qf3+ Kb8
14. d3 Bd6 15. Re4 Qc6 16. h3 Qxc2 17. Rc4 Bh2+ 18. Kxh2 Qxd3 19. Qxd3 Rxd3 20.
Bf4 Rd7 21. Rac1 Rc8 22. b3 Kb7 23. a4 a5 24. Kg3 f6 25. Kg4 e5 26. Be3 Rd3 27.
R1c3 Rd5 28. b4 axb4 29. Rxb4 Ra5 30. Rc5 Rxa4 31. Rxa4 bxc5 32. Bxc5 Kc6 33.
Be3 Kd5 34. Kf5 c5 35. Ra5 Rc7 36. Ra8 c4 37. Ra5+ Kd6 38. f4 c3 39. fxe5+ fxe5
40. Rxe5 c2 41. Bc1 Rf7+ 42. Ke4 Rf1 43. Rd5+ Kc6 44. Ba3 Re1+ 45. Kd3 Kxd5 46.
Kxc2 Re2+ 47. Kd3 Rxg2 48. Ke3 Rg3+ 0-1

[Event "Plymouth (MI Op/7/73)"]
[Site "?"]
[Date "1984.??.??"]
[Round "?"]
[White "Fuson, J.."]
[Black "Choyke, J.."]
[Result "0-1"]
[WhiteElo "1605"]
[BlackElo "1605"]
[PlyCount "116"]
[EventDate "1984.??.??"]

{7/(73)} 1. e4 Nf6 2. Nc3 d5 3. exd5 Nxd5 4. Nxd5 Qxd5 5. Nf3 g6 6. g3 Qe4+ 7.
Be2 Bh3 8. Rg1 Nc6 9. d3 Qd5 10. Bf4 e5 11. Be3 O-O-O 12. Ng5 Be6 13. Nxe6 Qxe6
14. g4 Kb8 15. Qd2 Bg7 16. b3 e4 17. O-O-O exd3 18. Bxd3 Ne5 19. Qb4 Nxd3+ 20.
Rxd3 Rxd3 21. cxd3 Rd8 22. Qe4 Qd6 23. Qc4 Rd7 24. h3 Qa3+ 25. Kd2 Qxa2+ 26.
Qc2 Qa5+ 27. Ke2 Qc3 28. Qxc3 Bxc3 29. Bf4 a5 30. Rc1 Bb4 31. Rc4 b5 32. Re4
Re7 33. Be5 Kb7 34. f4 Kc6 35. h4 Bd6 36. Bxd6 Rxe4+ 37. dxe4 Kxd6 38. Kd3 Kc5
39. e5 a4 40. bxa4 bxa4 41. Kc3 a3 42. Kb3 Kd4 43. Kxa3 Ke4 44. Kb3 Kxf4 45.
Kc3 Kxe5 46. Kd3 Kf4 47. Ke2 Kxg4 48. Ke3 Kxh4 49. Kf4 c5 50. Ke4 Kg3 51. Kd5
h5 52. Kxc5 h4 53. Kd5 f5 54. Ke5 f4 55. Ke4 h3 56. Kd3 h2 57. Ke2 Kg2 58. Kd3
h1=Q 0-1

[Event "Plymouth (MI Op/3/67)"]
[Site "?"]
[Date "1984.??.??"]
[Round "?"]
[White "Fuson, J.."]
[Black "Brattin, Brian"]
[Result "0-1"]
[WhiteElo "1605"]
[BlackElo "1690"]
[PlyCount "28"]
[EventDate "1984.??.??"]

{3/(67)} 1. e4 e5 2. Nf3 Nc6 3. Bb5 a6 4. Bxc6 dxc6 5. d3 Bc5 6. Nxe5 Qd4 7.
Ng4 Bxg4 8. Qxg4 Qxf2+ 9. Kd1 Nf6 10. Qxg7 Rg8 11. Qh6 Rxg2 12. Qd2 Qf3+ 13.
Ke1 Bf2+ 14. Kf1 Bg3+ 0-1

[Event "Plymouth (MI Op/1a/26)"]
[Site "?"]
[Date "1984.??.??"]
[Round "?"]
[White "Frohman, T.."]
[Black "Nixon, Peter"]
[Result "1-0"]
[WhiteElo "1670"]
[BlackElo "1605"]
[PlyCount "61"]
[EventDate "1984.??.??"]

1. e4 c5 2. Nf3 d6 3. d4 cxd4 4. Nxd4 Nc6 5. Nc3 Nf6 6. Be3 a6 7. Qd2 Ng4 8.
Bg5 Qb6 9. Nxc6 bxc6 10. Na4 Qa7 11. h3 Ne5 12. Be3 Qb7 13. f4 Nd7 14. Bc4 Nf6
15. Qd4 c5 16. Qd3 Nxe4 17. Bd5 Qb4+ 18. Nc3 Qxb2 19. Rc1 Qxc3+ 20. Qxc3 Nxc3
21. Bxa8 Nxa2 22. Rb1 Nb4 23. c3 Nc2+ 24. Kd2 Nxe3 25. Kxe3 Bf5 26. Rb8+ Kd7
27. g4 Bc2 28. Ra1 c4 29. Rxa6 f5 30. Bd5 Kc7 31. Rb7+ 1-0

[Event "Plymouth (MI Op/7/49)"]
[Site "?"]
[Date "1984.??.??"]
[Round "?"]
[White "Frohman, T.."]
[Black "Halstead, Kevin"]
[Result "0-1"]
[WhiteElo "1670"]
[BlackElo "1605"]
[PlyCount "24"]
[EventDate "1984.??.??"]

{7/(49)} 1. e4 c5 2. Nf3 Nc6 3. d4 cxd4 4. Nxd4 d6 5. Nc3 Nf6 6. Bg5 e6 7. Qd2
a6 8. h3 Be7 9. O-O-O Bd7 10. f4 b5 11. a3 Rc8 12. Bd3 Nxd4 0-1

[Event "Plymouth (MI Op/5/37)"]
[Site "?"]
[Date "1984.??.??"]
[Round "?"]
[White "Frohman, T.."]
[Black "Gipson, John"]
[Result "0-1"]
[WhiteElo "1670"]
[BlackElo "1905"]
[PlyCount "56"]
[EventDate "1984.??.??"]

{5/(37)} 1. e4 e6 2. d4 d5 3. exd5 exd5 4. Nf3 Bd6 5. h3 Bf5 6. Nc3 Nf6 7. Bg5
c6 8. Bd3 Bxd3 9. Qxd3 O-O 10. O-O Nbd7 11. Rfe1 Qb6 12. Nh4 Qxb2 13. Reb1 Qa3
14. Rxb7 Bb4 15. Bd2 Nb6 16. Qg3 Bxc3 17. Qxc3 Qa6 18. Rc7 Ne4 19. Qf3 Nxd2 20.
Qg4 g6 21. Nf5 Ne4 22. Nh6+ Kg7 23. Qf4 Qe2 24. Rf1 Qd2 25. Qe5+ Kxh6 26. f4
Qe3+ 27. Kh2 Qg3+ 28. Kh1 Rae8 0-1